|
|
|
|
| LEADER |
00000nam a22000007a 4500 |
| 005 |
20190418212339.0 |
| 007 |
cr|||| |||| |
| 008 |
190418s2015 co |||||s|||| 00||0 spa d |
| 020 |
|
|
|a 978-958-774-184-1
|
| 035 |
|
|
|a 23297
|
| 040 |
|
|
|a vLex
|
| 090 |
|
|
|c 8667
|d 8667
|
| 100 |
1 |
|
|a Cruz Tejada, Horacio
|
| 245 |
1 |
0 |
|a Nuevas tendencias del derecho probatorio
|h [Recurso electrn̤ico] /
|c Horacio Cruz Tejada
|
| 256 |
|
|
|a Servicio en ln̕ea
|
| 260 |
|
|
|a Bogot:̀
|b Universidad de Los Andes (Colombia),
|c 2015
|
| 300 |
|
|
|a 1 recurso electrn̤ico
|
| 506 |
1 |
|
|a Disponible solo en los productos indicados
|d vLex Global
|d vLex Global (Academic Edition, excluding Law Schools)
|d vLex Global (U.S. Academic Edition, Law Schools)
|d vLex Global (U.S. Academic Edition, excluding Law Schools)
|d vLex Global (Academic Edition, Law Schools)
|
| 650 |
0 |
4 |
|a Derecho Procesal
|z Colombia
|
| 740 |
0 |
|
|a vLex Libros (Servicio en ln̕ea)
|
| 856 |
4 |
0 |
|u http://vlex.com/source/nuevas-tendencias-derecho-probatorio-23297
|z Acceso restringido
|
| 942 |
|
|
|c BOOK
|
| 999 |
0 |
|
|a Procedural law
|